header

Using data for monitoring and target setting (Record no. 63585)

MARC details
000 -LEADER
fixed length control field 01302nam a2200325Ia 4500
082 04 - DEWEY DECIMAL CLASSIFICATION NUMBER
Classification number 371.26/0941
100 1# - MAIN ENTRY--AUTHOR NAME
Personal name Sumner, Raymond.
245 10 - TITLE STATEMENT
Title Using data for monitoring and target setting
260 ## - PUBLICATION, DISTRIBUTION, ETC. (IMPRINT)
Place of publication London ;
-- New York :
Name of publisher Routledge,
Year of publication 1999.
300 ## - PHYSICAL DESCRIPTION
Number of Pages vi, 94 p. :
Other physical details ill.
500 ## - GENERAL NOTE
General note Includes index.
650 #0 - SUBJECT ADDED ENTRY--TOPICAL TERM
Topical Term Educational tests and measurements
Topical Term Students
700 1# - ADDED ENTRY--PERSONAL NAME
Personal name McCallum, Ian,
856 40 - ELECTRONIC LOCATION AND ACCESS
Uniform Resource Identifier http://site.ebrary.com/lib/rucke/Doc?id=10054918

No items available.

© 2026 Rongo University
Contact us: librarian | system librarian | Rongo university